Le cinéma en perspective : Une histoire (notice n° 2197765)

détails MARC
000 -LEADER
fixed length control field 01026cam a2200133 4500500
005 - DATE AND TIME OF LATEST TRANSACTION
control field 20260405085449.0
041 ## - LANGUAGE CODE
Language code of text/sound track or separate title fre
042 ## - AUTHENTICATION CODE
Authentication code dc
100 10 - MAIN ENTRY--PERSONAL NAME
Personal name Leutrat, Jean-Louis
Relator term author
245 00 - TITLE STATEMENT
Title Le cinéma en perspective : Une histoire
260 ## - PUBLICATION, DISTRIBUTION, ETC.
Name of publisher, distributor, etc. Armand Colin,<br/>
Date of publication, distribution, etc. 2018.<br/>
520 ## - SUMMARY, ETC.
Summary, etc. Cet ouvrage raconte l’histoire du cinéma, c’est-à-dire de l’art du vingtième siècle par excellence, écriture du mouvement, de la lumière et des ombres. Plutôt que d’opter pour un découpage chronologique, il met en perspective cette histoire selon trois fils conducteurs : celle du cinéma pris dans les conflits politiques du siècle dernier, celle des formes esthétiques et celle des corps cinématographiques. Grâce à cette approche originale et synthétique qui a fait de ce livre une référence depuis 25 ans, le cinéma et son histoire apparaissent comme des matières vivantes en devenir.
856 41 - ELECTRONIC LOCATION AND ACCESS
Uniform Resource Identifier <a href="https://shs.cairn.info/le-cinema-en-perspective--9782200621872?lang=fr&redirect-ssocas=7080">https://shs.cairn.info/le-cinema-en-perspective--9782200621872?lang=fr&redirect-ssocas=7080</a>

Pas d'exemplaire disponible.

PLUDOC

PLUDOC est la plateforme unique et centralisée de gestion des bibliothèques physiques et numériques de Guinée administré par le CEDUST. Elle est la plus grande base de données de ressources documentaires pour les Étudiants, Enseignants chercheurs et Chercheurs de Guinée.

Adresse

627 919 101/664 919 101

25 boulevard du commerce
Kaloum, Conakry, Guinée

Réseaux sociaux

Powered by Netsen Group @ 2025